00438nam a2200181 a 4500001001300000003000900013005001700022008004100039020001000080082001600090100001600106245002200122260003200144300000900176500003500185505002000220700001600240nice12345678IN_TiNIC20260116013139.0050524s1993 lona grp 000 0 eng  ac10000a297.4bSHA4 aShah, Tahir aCultural Research aLondonbOctagon Pressc1993 a278p aincludes index and biblioraphy2 aGlossary, Index1 aShah, Tahir